Le verbe être au présent en latin - Statistiques

Statistiques générales
  • Ce quiz a été pris 92 fois
  • Le résultat moyen est 5 sur 6
Statistiques - réponses
Personne Conjugaison Traduction % Correct
2 PS ES Tu es
97%
1 PS SUM Je suis
97%
3 PS EST Il est
93%
1 PP SUMUS Nous somme
90%
3 PP SUNT Ils sont
85%
2 PP ESTIS Vous êtes
76%
Aucun quiz correspondant
Distribution des résultats
% des personnes avec chaque résultat
Percentile par nombre de réponses
Votre historique - résultats
Vous n’avez pas pris ce quiz